Statistics for PSV Eindhoven Trivia

Click here to take the quiz!

General Stats

  • This quiz has been taken 390 times
    (98 since last reset)
  • The average score is 11 of 15

Answer Stats

QuestionAnswer% Correct
What is the name of PSV’s stadium?Philips Stadion
94%
Who is the current captain of PSV?Luuk de Jong
91%
With which club does PSV contest De Topper?Ajax
90%
What is PSV’s nickname, translating into English as “The Farmers”?De {Boeren}
90%
Who is PSV’s record sale, joining Napoli for £40.5m in 2019?Hirving Lozano
90%
Who is the current head coach of PSV?Peter Bosz
84%
Which Eredivisie club did PSV defeat 10-0 in 2010?Feyenoord
82%
What is the name of PSV’s mascot?Phoxy
80%
Which Dutchman holds the record for most PSV appearances?Willy van der Kuijlen
72%
Which Dutchman is PSV’s all-time record goalscorer?Willy van der Kuijlen
72%
Who is PSV’s most successful manager, winning 6 league titles, 4 Dutch Cups and the European Cup across his two stints in charge?Guus Hiddink
65%
Which Dutch legend captained PSV during his two seasons with the club from 1985 to 1987?Ruud Gullit
62%
Which club did PSV defeat in the 1988 European Cup Final?Benfica
61%
Who is PSV’s record signing, arriving from Partizan for £12.6m in 2000?Mateja Kežman
56%
Which Englishman won the Eredivisie title in both seasons during his first stint in charge of PSV in the early 1990s?Sir Bobby Robson
30%

Score Distribution

Percentile by Number Answered

Percent of People with Each Score

Your Score History

You have not taken this quiz since the last reset